Poesía en acción : (Record no. 96381)

MARC details
000 -CABECERA
campo de control de longitud fija 00694nam a2200217 a 4500
005 - FECHA Y HORA DE LA ÚLTIMA TRANSACCIÓN
campo de control 20251111063906.0
008 - ELEMENTOS DE LONGITUD FIJA--INFORMACIÓN GENERAL
campo de control de longitud fija 030514s2007 mx r 000 0 spa d
020 ## - NÚMERO INTERNACIONAL NORMALIZADO PARA LIBROS
Número Internacional Estándar del Libro 9789681912574
035 ## - NÚMERO DE CONTROL DEL SISTEMA
Número de control de sistema UPN01000124202
049 ## - COLECCIÓN
Colección CG
050 #4 - SIGNATURA TOPOGRÁFICA DE LA BIBLIOTECA DEL CONGRESO
Número de clasificación PN45.5
Número de documento/Ítem S9.6
100 1# - ASIENTO PRINCIPAL--NOMBRE PERSONAL
Nombre de persona Suárez Caamal, Ramón Iván
245 10 - MENCIÓN DE TÍTULO
Título Poesía en acción :
Resto del título lineamientos para motivar la creatividad /
Mención de responsabilidad, etc. Ramón Iván Suárez Caamal.
260 ## - PUBLICACIÓN, DISTRIBUCIÓN, ETC.
Lugar de publicación, distribución, etc. México :
Nombre del editor, distribuidor, etc. Santillana,
Fecha de publicación, distribución, etc. 2007.
300 ## - DESCRIPCIÓN FÍSICA
Extensión 260 p.
440 #0 - MENCIÓN DE SERIE/ASIENTO SECUNDARIO--TÍTULO
Título Alfaguara juvenil.
Nombre de parte o sección de la obra Circular
650 #2 - ASIENTO SECUNDARIO DE MATERIA - TERMINO TEMATICO
Término de materia o nombre geográfico como elemento de entrada Formas literarias
9 (RLIN) 9049
650 #2 - ASIENTO SECUNDARIO DE MATERIA - TERMINO TEMATICO
Término de materia o nombre geográfico como elemento de entrada Poesía -
Subdivisión general Estudio y Enseñanza
9 (RLIN) 1216
650 #2 - ASIENTO SECUNDARIO DE MATERIA - TERMINO TEMATICO
Término de materia o nombre geográfico como elemento de entrada Creación (literaria, artística, etc.)
9 (RLIN) 5738
905 ## - TIPO DE MATERIAL
Tipo de material Libro
Holdings
Estado de retiro Estado de pérdida Fuente del sistema de clasificación o colocación Estado dañado No para préstamo Código de colección Localización permanente Ubicación/localización actual Ubicación en estantería Total de préstamos Clasificación Código de barras Fecha visto por última vez Número de copia Tipo de ítem Koha
    Library of Congress Classification     Colección General Bib. Gregorio Torres Quintero Bib. Gregorio Torres Quintero Planta baja   PN45.5 S9.6 261827 31/12/2020 1 Libro